Central-Library-PUMHS

Online Public Access Catalogue

Welcome to PUMHS Central Library Nawabshah, SBA

Manual Mobilization of the Joints The Kaltenborn Method of Joint Examination and Treatment The Extremities (Volume 01) (Record no. 37834)

000 -LEADER
fixed length control field 00402nam a22001457a 4500
082 ## - DEWEY DECIMAL CLASSIFICATION NUMBER
Classification number 615.82 FRE
100 ## - MAIN ENTRY--AUTHOR NAME
Personal name Freddy M. Kaltenbom
245 ## - TITLE STATEMENT
Title Manual Mobilization of the Joints The Kaltenborn Method of Joint Examination and Treatment The Extremities (Volume 01)
250 ## - EDITION STATEMENT
Edition statement 6th. Edition
260 ## - PUBLICATION, DISTRIBUTION, ETC. (IMPRINT)
Year of publication 2006
300 ## - PHYSICAL DESCRIPTION
Number of Pages 316
490 ## - SERIES STATEMENT
Series statement 6th. Edition
650 ## - SUBJECT ADDED ENTRY--TOPICAL TERM
Topical Term Physiotherapy
942 ## - ADDED ENTRY ELEMENTS (KOHA)
Koha item type Books
Holdings
Withdrawn status Lost status Permanent Location Current Location Shelving location Date acquired Source of acquisition Cost, normal purchase price Full call number Accession Number Koha item type
    Central Library New Campus PUMHS Nawabshah,(SBA) Central Library New Campus PUMHS Nawabshah,(SBA) Physiotherapy 2026-03-02 M/S New Noble Bill No: 101/ NNB , Date: 05/06/2025 651.00 615.82 FRE 41096 Ref Books
    Central Library New Campus PUMHS Nawabshah,(SBA) Central Library New Campus PUMHS Nawabshah,(SBA) Physiotherapy 2026-03-02 M/S New Noble Bill No: 101/ NNB , Date: 05/06/2025 651.00 615.82 FRE 41097 Ref Books

Copyright © 2018,The PUMHSW, Nawabshah, Shaheed Benazirabad. All rights reserved
Mr. Abdul Sattar Mahar (Chief Librarian) PUMHSW, Nawabshah, Sindh, Pakistan 67480.
Ph#: | 0244-9370425 Ext. 2241 Email| librarian@pumhs.edu.pk Web| http://www.pumhs.edu.pk
سنڌي ڪي بورڊ